| 000 | 00988nas a2200313 4500 | ||
|---|---|---|---|
| 001 | BR0810119 | ||
| 003 | BR-BrBNA | ||
| 005 | 20231205112914.0 | ||
| 007 | ta | ||
| 008 | 230509b bl.|||p| |||| 00| 00por d | ||
| 040 |
_aBR-BrBNA _bpor _cBiblioteca Nacional de Agricultura |
||
| 041 | _a(Pt) | ||
| 072 | _aL10; L01 | ||
| 100 | 1 | _aFridrich, A.B. | |
| 100 | 1 | _aSilva, M.A. | |
| 100 | 1 | _aValente, B.D. | |
| 100 | 1 | _aSousa, J.E.R. | |
| 100 | 1 | _aCorrêa, G.S.S. | |
| 100 | 1 | _aFerreira, I.C. | |
| 100 | 1 | _aVentura, R.V. | |
| 100 | 1 | _aSilva, L.O.C. | |
| 245 | 1 | _aInteração genótipo x ambiente e estimativas de parâmetros genéticos dos pesos aos 205 e 365 dias de idade de bovinos Nelore | |
| 650 | _aBOVINO | ||
| 650 | _aGADO NELORE | ||
| 650 | _aGENÓTIPO | ||
| 773 | 0 |
_tArquivo Brasileiro de Medicina Veterinária e Zootecnia (Brazil) _xISSN 0102-0935 _g(Aug 2008), v. 60(4) p. 917-925 _wBR0810119 |
|
| 909 |
_a202311 _bLúcia _c55 _dLúcia Elande |
||
| 942 |
_2AGRIS _n0 _cANA |
||
| 999 |
_c200715 _d200715 |
||